00882nam a22002657a 4500003000400000005001700004007000400021008004100025010002000066024001000086035002000096040001300116245009100129260002000220300005600240440002000296538003200316538015800348650001900506700001700525700001900542700001900561700001800580700001800598dpl20100322140330.0DVD050907s2005 cau105 g 00| 0 eng d aDVD-007157-7165 c69.00 aDVD-007157-7165 aDPLcDPL aBody Languageh[videorecording] DVD /cDiskovery Video & laser Co. Pvt. Ltd. Presents bDiskovery Video a2 videocassette (VCD);bsd., col. ;c4-3/4 in.fVCD aDiskovery Video aDolby digital 5.1, English  aThis is a Videio CD with digital audio, full Motion video and Play Back Controls Suitable for Video CD, LD, DVD Player and Multimedia PCs with MPEG card. aMotion Picture aCase, Geroge aSekula, Andrej aBereenger, Tom aTravis, Nancy aSchanz, Heidi